Historia de la provincia La Altagracia / (Record no. 26375)
[ view plain ]
| 000 -CABECERA | |
|---|---|
| campo de control de longitud fija | 00972nam a2200229 a 4500 |
| 001 - NÚMERO DE CONTROL | |
| campo de control | 000026883 |
| 005 - FECHA Y HORA DE LA ÚLTIMA TRANSACCIÓN | |
| campo de control | 20200930030452.0 |
| 008 - DATOS DE LONGITUD FIJA--INFORMACIÓN GENERAL | |
| campo de control de longitud fija | 110214s1996 dr ac 000 0 spa d |
| 040 ## - FUENTE DE LA CATALOGACIÓN | |
| Centro catalogador/agencia de origen | DO-SdBNP |
| Lengua de catalogación | spa |
| Centro/agencia transcriptor | BNPHU |
| 082 ## - NÚMERO DE LA CLASIFICACIÓN DECIMAL DEWEY | |
| Número de clasificación | 972.9385 |
| Número de documento/Ítem | C389h, 1996 |
| 100 1# - ENTRADA PRINCIPAL--NOMBRE DE PERSONA | |
| Nombre de persona | Cedeño, Livio Mariano, |
| Fechas asociadas al nombre | 1953- |
| 9 (RLIN) | 46093 |
| 245 10 - MENCIÓN DE TÍTULO | |
| Título | Historia de la provincia La Altagracia / |
| Mención de responsabilidad, etc. | Livio Mariano Cedeño. |
| 250 ## - MENCIÓN DE EDICIÓN | |
| Mención de edición | 2a ed. |
| 260 ## - PUBLICACIÓN, DISTRIBUCIÓN, ETC. | |
| Lugar de publicación, distribución, etc. | Santo Domingo : |
| Nombre del editor, distribuidor, etc. | Ediciones El Cometa, |
| Fecha de publicación, distribución, etc. | 1996 |
| Fabricante | Editora El Nuevo Diario |
| 300 ## - DESCRIPCIÓN FÍSICA | |
| Extensión | 200 p. ; |
| Dimensiones | 22 cm. |
| 651 #4 - PUNTO DE ACCESO ADICIONAL DE MATERIA--NOMBRE GEOGRÁFICO | |
| Nombre geográfico | La Altagracia (República Dominicana{Rpara} |
| Subdivisión general | Historia Local |
| 9 (RLIN) | 51795 |
| 651 #4 - PUNTO DE ACCESO ADICIONAL DE MATERIA--NOMBRE GEOGRÁFICO | |
| Nombre geográfico | La Altagracia (República Dominicana{Rpara} |
| Subdivisión general | Vida Social Y Costumbres |
| 9 (RLIN) | 51796 |
| 650 #4 - PUNTO DE ACCESO ADICIONAL DE MATERIA--TÉRMINO DE MATERIA | |
| Término de materia o nombre geográfico como elemento de entrada | Gobierno local |
| Subdivisión geográfica | La Altagracia (República Dominicana{Rpara} |
| 9 (RLIN) | 51797 |
| 651 #4 - PUNTO DE ACCESO ADICIONAL DE MATERIA--NOMBRE GEOGRÁFICO | |
| Nombre geográfico | La Altagracia (República Dominicana{Rpara} |
| Subdivisión general | Política Y Gobierno |
| 9 (RLIN) | 51798 |
| 650 #4 - PUNTO DE ACCESO ADICIONAL DE MATERIA--TÉRMINO DE MATERIA | |
| Término de materia o nombre geográfico como elemento de entrada | Ciudades y pueblos |
| Subdivisión geográfica | República Dominicana |
| 9 (RLIN) | 784 |
| 910 ## - DATOS DE OPCIÓN DEL USUARIO (OCLC) | |
| Datos de opción del usuario | Validado. Control de calidad BNPHU |
| Estado de retiro | Estado de pérdida | No para préstamo | Código de colección | Localización permanente | Ubicación/localización actual | Ubicación en estantería | Fecha de adquisición | Número de inventario | Total de préstamos | Signatura topográfica completa | Código de barras | Fecha visto por última vez | Precio válido a partir de | Tipo de ítem Koha |
|---|---|---|---|---|---|---|---|---|---|---|---|---|---|---|
| Excluido de préstamo | Patrimonio Dominicano | Patrimonio Dominicano | Patrimonio Dominicano | Depósito | 28.03.2011 | LF1 | 972.9385 C389h, 1996 | 26883-10 | 25.06.2020 | 25.06.2020 | Libro y Folleto Colección Patrimonio Dominicano |
